Dans quels pays se trouvent ces monuments ? (P.1 Facile) - Statistiques

Statistiques générales
  • Ce quiz a été pris 1 846 fois
    1 843 depuis la dernière actualisation
  • Le résultat moyen est 15 sur 17
Statistiques - réponses
Par images Réponse % Correct
Grèce (Parthénon)
99%
Italie (Tour de Pise)
98%
Égypte
97%
France (Mont Saint-Michel)
97%
Inde (Taj Mahal)
97%
Brésil (Corcovado)
96%
Russie (La Cathédrale Basile)
96%
Australie (Opéra de Sydney)
95%
Chine (Grande Muraille de Chine)
95%
États-Unis (Mont Rushmore)
95%
Espagne (Sagrada Familia)
88%
Mexique (Chichen Itze)
88%
Pérou (Machu Pichu)
86%
Allemagne (Château de Neuschwanstein)
75%
Royaume-Uni (Pierres de Stonehenge)
74%
Danemark (Petite Sirène)
62%
Mali (Mosquée de Djenné)
28%
Aucun quiz correspondant
Distribution des résultats
% des personnes avec chaque résultat
Percentile par nombre de réponses
Votre historique - résultats
Vous n’avez pas pris ce quiz depuis la dernière actualisation